01080nam a22002177a 4500003000400000005001700004008004100021040002500062082001500087100003300102245012300135260013800258300002000396590002700416910001400443942001300457952012100470952012700591952012700718999001700845OSt20220420114855.0110301s2019 dr c 000 0 spa d aDO-SdBNPbspacBNPHU axxxxbI73r1 aIsa Contreras, Pavel 95301810aResumen 30 años de la convención sobre los derechos del niño en la República Dominicana /cPavel Isa Contreras aSanto Domingo :bFondo de las Naciones Unidas para la Infancia (UNICEF). bConsejo Nacional para la Niñez y la Adolescencia c2019. a26 p. :c28 cm. aInventariado, 2022/ YL aYLockward 2ddccLF1 00102ddc53708PDaBNPHUbBNPHUcCTd2019-12-10eEditora Búhooxxxx I73rp2022-1455r2022-04-20w2022-04-20yLF1 00102ddc53708PDaBNPHUbBNPHUcCTd2019-12-10eEditora Búhooxxxx I73rp2022-1456r2022-04-20te. 2w2022-04-20yLF1 00102ddc56708PDaBNPHUbBNPHUcCTd2019-12-10eEditora Búhooxxxx I73rp2022-1457r2022-04-20te. 3w2022-04-20yLF1 c51548d51548